Регионална библиотека "Любен Каравелов" - Русе

Съветският опит във ветеринарно-медицинската практика на Русенски окръг (Запис номер 447486)

MARC детайли
000 -Лидер
Контролно поле с фиксирана дължина 01163nam a2200241 a 4500
003 - Код на организацията, давaща контролен номер
Контролно поле BLK
005 - Дата и час на последна редакция
Контролно поле 20230727123908.0
008 - Елементи от данни с фиксирана дължина
fixed length control field 220308b bu |||||||||| 00| | bu d
040 ## - Източник на каталожния запис
Идентификатор на билиотеката - собственик на записа BLK
041 ## - Код за език
Код за езика на текст/звукозапис или на отделно заглавие Български
Код за езика КДБФ Български
080 ## - УДК
Текстов определител УДК Ветеринарна наука
УДК код - определител по УДК 636.09
УДК определител (497.215)(062)
УДК - код + определител 636.09(497.215)(062)
139 ## - Редно поле
Редна дума Съветският опит във ветеринарно-медицинската практика на Русенски окръг
Авторски знак Съ - С 96
245 ## - Сведения за заглавието
Заглавие Съветският опит във ветеринарно-медицинската практика на Русенски окръг
Физически носител (вид на носителя) [Малотир. изд.]
260 ## - Област на издателските данни
9 (RLIN) 441842
Място на издаване, разпространение и проч. Русе
Име на издателя, разпространителя и проч. б. и.
Година на издаване 1978
300 ## - Физическа характеристика
Страници 38 с.
Размери/Мащаб 23 см
380 ## - Жанр
Жанр Селско стопанство
500 ## - Общи забележки
Забележка ОК за Българо-съветска дружба ; ОС на БПС ; Окръжен ветеринарно-медицински център - Клуб за българо-съветска дружба.
653 #7 - Ключова дума – ненормативна
9 (RLIN) 183158
Ключова дума ветеринарна медицина
653 #7 - Ключова дума – ненормативна
9 (RLIN) 200586
Ключова дума челен опит
852 ## - Местоположение
Фондова буква Краезнание
Систематично-азбучна сигнатура К 63/С 96
999 ## - СИСТЕМНИ КОНТРОЛНИ НОМЕРА
Koha biblionumber 447486
Koha biblioitemnumber 447486
942 ## - АРТИКУЛИ
Вид на библиотечния материал Книги
Скрит в OPAC Не
Периодичен библиозапис Да
Koha issues (borrowed), all copies 1
944 ## - СЪЗДАВАНЕ И РЕДАКЦИЯ на ЗАПИСА
Създаване/Редакция Създаване
Дата на регистрацията/редакция 2022-03-08
Служител, извършил регистрацията/редакцията 30556
Статус, дата на статуса Теодора Пейчева-Дянкова
Наличности
Код за отписване Код за изгубен артикул Източник на класификационната схема Код за повреда Коз за рестрикции Код за отдаване Артикулен № Име на библиотеката - собственик Име на библиотеката, в която се намира в момента Статус (Текущо местоположение) Дата на вписване в системата Местоположение - отдел Цена в лева Систематично азбучна сигнатура Баркод Цена в евро Служебен тип на артикула
  Не е изгубен Universal Decimal Classification Не е повреден само за читалня ползва се в читалня 875029 Регионална библиотека "Любен Каравелов" Русе Регионална библиотека "Любен Каравелов" Русе Краезнание 2022-03-14 Краезнание 1.00 К 63/С 96 120000868031 0.51 Книги
Vip Innovations Ltd, Rousse, Bulgaria 2025